Сказочные повести скандинавских писателей: пер. с норвежск. и шведск.

Dettagli Bibliografici
Lingua:russo
Pubblicazione: Москва, Правда, 1987
Soggetti:
Natura: MixedMaterials Libro
KOHA link:https://koha.lib.tpu.ru/cgi-bin/koha/opac-detail.pl?biblionumber=109497

MARC

LEADER 00000nam0a2200000 4500
001 109497
005 20231031120033.0
035 |a (RuTPU)RU\TPU\book\118232 
090 |a 109497 
100 |a 20070208d1987 m y0rusy50 ca 
101 1 |a rus  |c swe  |c nor 
102 |a RU 
105 |a a z 000ay 
200 1 |a Сказочные повести скандинавских писателей  |e пер. с норвежск. и шведск. 
210 |a Москва  |c Правда  |d 1987 
215 |a 592 с.  |c ил. 
610 1 |a сказки 
610 1 |a скандинавская литература 
675 |a 89  |v 3 
801 1 |a RU  |b 63413507  |c 20070208  |g PSBO 
801 2 |a RU  |b 63413507  |c 20070208  |g PSBO 
942 |c BK